000 00591nam a2200169 i 4500
001 41110
003 ES-MaACL
005 20230906160357.0
007 t|
008 030310s1884 sp ||||1| spa d
110 1 _aEspaña.
_bCuerpo de Estado Mayor del Ejército.
_9140419
245 1 0 _aCartilla de uniformidad del Cuerpo de Estado Mayor del Ejército, aprobada por R.O. de 30 de diciembre de 1884.
260 _aMadrid :
_bDepósito de la Guerra,
_c1884.
300 _a11 p., lám. 1-10 ;
_c24 cm.
710 1 _aEspaña.
_bDepósito de la Guerra.
_9167579
852 _aES-MaACL
_jT-512-F-2
999 _c41110
_d41110